Basic Engineering Circuit Analysis (Record no. 65217)
[ view plain ]
| 000 -LEADER | |
|---|---|
| fixed length control field | 00613nam a22001937a 4500 |
| 003 - CONTROL NUMBER IDENTIFIER | |
| control field | NUST-PNEC |
| 005 - DATE AND TIME OF LATEST TRANSACTION | |
| control field | 20170116180909.0 |
| 008 - FIXED-LENGTH DATA ELEMENTS--GENERAL INFORMATION | |
| fixed length control field | 140402b xxu||||| |||| 00| 0 eng d |
| 020 ## - INTERNATIONAL STANDARD BOOK NUMBER | |
| International Standard Book Number | 0471446718 |
| 040 ## - CATALOGING SOURCE | |
| Transcribing agency | PNEC |
| 082 ## - DEWEY DECIMAL CLASSIFICATION NUMBER | |
| Classification number | 621.3192 IRW |
| 100 ## - MAIN ENTRY--PERSONAL NAME | |
| 9 (RLIN) | 23 |
| Personal name | Irwin David J |
| 245 ## - TITLE STATEMENT | |
| Title | Basic Engineering Circuit Analysis |
| Statement of responsibility, etc. | J. David Irwin |
| 250 ## - EDITION STATEMENT | |
| Edition statement | 7th ed. |
| 300 ## - PHYSICAL DESCRIPTION | |
| Extent | xx, 794p. |
| Other physical details | ill.; |
| Dimensions | 20cm |
| 500 ## - GENERAL NOTE | |
| General note | http://www.amazon.com/Engineering-Circuit-Analysis-Solutions-Sticker/dp/0471446718/ref=sr_1_1?s=books&ie=UTF8&qid=1400740206&sr=1-1&keywords=0471446718 |
| 650 ## - SUBJECT ADDED ENTRY--TOPICAL TERM | |
| General subdivision | EE, EL |
| 942 ## - ADDED ENTRY ELEMENTS (KOHA) | |
| Source of classification or shelving scheme | |
| Koha item type | Book |
| Withdrawn status | Lost status | Source of classification or shelving scheme | Damaged status | Not for loan | Permanent Location | Current Location | Shelving location | Date acquired | Total Checkouts | Full call number | Barcode | Date last seen | Date last checked out | Price effective from | Koha item type |
|---|---|---|---|---|---|---|---|---|---|---|---|---|---|---|---|
| Pakistan Navy Engineering College (PNEC) | Pakistan Navy Engineering College (PNEC) | 1 | 621.3192 IRW | PNECLIB-022200 | 08/12/2016 | 06/15/2016 | Book |
